=LDR 00000nam 2200000 4500 =001 INLIS000000000037441 =005 20130612143155 =008 ***********************************Ind** =035 ##$$0010-061300000037441 =041 ##$$a Ind =082 ##$$a 2x5.4 =090 ##$$a 2x5.4, Pur t =100 ##$$a Purwanto =245 ##$$a Tuntunan do'a sehari - hari, Do'a - do'a mustajab yang bisa anda amalkan sekarang juga, Purwanto; Editor, Sofan =260 ##$$a 2009 $b Jakarta =300 ##$$a 130 hlm, Ilus, 20,5 cm =650 ##$$a Do'a Dan Wirid =700 ##$$a Sofan =850 ##$$a NBPNMAT